WELL LOVED TALES (Record no. 467632)

MARC details
000 -LEADER
fixed length control field 00322nam a2200133Ia 4500
008 - FIXED-LENGTH DATA ELEMENTS--GENERAL INFORMATION
fixed length control field 100204s9999 xx 000 0 und d
082 ## - DEWEY DECIMAL CLASSIFICATION NUMBER
Item number 22528
245 ## - TITLE STATEMENT
Title WELL LOVED TALES
260 ## - PUBLICATION, DISTRIBUTION, ETC. (IMPRINT)
Name of publisher, distributor, etc "TTINY- TOR PUBLICATIONS, N DELHI"
300 ## - PHYSICAL DESCRIPTION
Extent 31
630 ## - SUBJECT ADDED ENTRY--UNIFORM TITLE
Uniform title WELL LOVED TALES
730 ## - ADDED ENTRY--UNIFORM TITLE
Uniform title WELL LOVED TALES
942 ## - ADDED ENTRY ELEMENTS (KOHA)
Koha item type Book
Holdings
Withdrawn status Lost status Damaged status Not for loan Home library Current library Date acquired Cost, normal purchase price Total Checkouts Full call number Barcode Date last seen Cost, replacement price Price effective from Koha item type Public note
        N. C. Kelkar Sarvajanik Library, Mulund N. C. Kelkar Sarvajanik Library, Mulund 04/12/2004 30.00   22528 NCKMULUND-22528 02/04/2010 30.00 02/04/2010 Book 3)अनामत जप्त